000 00472nam a22001817a 4500
005 20251108165340.0
008 250721s2002 xx 000 0 ara d
082 1 4 _a370.1/محم
100 1 _aمحمد، أحمد علي
245 1 0 _aفلسفة التربية /
264 1 _aعمان :
_bدار المناهج،
_c2002.
300 _a193ص
650 1 7 _aالتربية
650 1 7 _aالفلسفة
650 1 7 _aالتعلم
942 _2ddc
_cBK
999 _c25720
_d25720